History Quiz

Random History Quiz

Industrial Revolution Quiz Stats

 Plays Quiz not verified by Sporcle

Challenge
Share
Tweet
Embed
Score 0/17 Timer 10:00
0 Plays Today
Hint Answer % Correct
Industrial Revolution began hereGreat Britain
89.1%
Communism believes that everyone should be...equal
71.4%
Eli Whitney created a machine that removed the seed from a particular plant...Cotton gin
70.6%
Edward Jenner created a vaccine for this diseasesmallpox
68.1%
What was the #1 fuel source of the Industrial Revolution?coal
64.7%
James Watt created a better version of this machinesteam engine
61.3%
Who wrote the Communist Manifesto?Karl Marx
61.3%
James Hargreaves invented this machine to create threadspinning jenny
56.3%
Women campaigned for the right to vote, known as...suffrage
54.6%
Hint Answer % Correct
Who wrote an important book about capitalism?Adam Smith
46.2%
Louis Pasteur discovered this...bacteria
43.7%
What do you call an organization that tries to protect workers' rights?labor union
35.3%
This man created a better way to produce steelHenry Bessemer
34.5%
Fencing off land that used to be sharedThe Enclosure Movement
33.6%
What was one way that factory owners tried to save money?child labor
30.3%
Cottage industries were replaced by thefactory system
27.7%
Unlike communism, in capitalism who owns the means of production?private owners
26.1%

You're not logged in!

Compare scores with friends on all Sporcle quizzes.
Join for Free
OR
Log In

You Might Also Like...

Show Comments

Extras

Top Quizzes Today


Score Distribution

Your Account Isn't Verified!

In order to create a playlist on Sporcle, you need to verify the email address you used during registration. Go to your Sporcle Settings to finish the process.

Report this User

Report this user for behavior that violates our Community Guidelines.

Details: